| 000 | 00383nam a2200157Ia 4500 | ||
|---|---|---|---|
| 008 | 181130s2018 xx 000 0 und d | ||
| 100 | _aBernard, Andrew B. et al | ||
| 245 | _aGlobal firms | ||
| 260 | _c2018 | ||
| 300 | _ap.565-619. | ||
| 504 | _dJun | ||
| 650 | _aFirms | ||
| 650 | _aForeign commerce | ||
| 773 | _aJournal of Economic Literature | ||
| 906 | _aForeign commerce | ||
| 999 |
_c506659 _d506659 |
||